=LDR 00000nam 2200000 4500 =001 INLIS000000000005684 =005 20251021100358 =035 ##$$a 0010-1025000739 =007 ta =008 251021###########################0#ind## =082 ##$$a 304.6 =084 ##$$a 304.6 HAS m =100 #$$a Hasan Mangunrai =245 1#$$a Migrasi Dan Fertilisasi Di Sulawesi Selatan /$c Badan Koordinasi Keluarga Berencana Nasional =260 ##$$a Sulawesi Selatan :$b Badan Koordinasi Keluarga Berencana Nasional,$c 1986 =300 ##$$a 12 Hal : $b Ilus ; $c 21 =650 #4$$a Keluarga Berencana =856 ##$$a Perpustakaan Kemendukbangga